Smart kids on the street : (Record no. 283079)
[ view plain ]
| 000 -LEADER | |
|---|---|
| fixed length control field | 00460nam a2200145Ia 4500 |
| 008 - FIXED-LENGTH DATA ELEMENTS--GENERAL INFORMATION | |
| fixed length control field | 150220s9999 xx 000 0 und d |
| 020 ## - INTERNATIONAL STANDARD BOOK NUMBER | |
| International Standard Book Number | 938333038X |
| 050 ## - LIBRARY OF CONGRESS CALL NUMBER | |
| Item number | .J95 2006 |
| 100 ## - MAIN ENTRY--PERSONAL NAME | |
| Personal name | Junior Pages. |
| 245 ## - TITLE STATEMENT | |
| Title | Smart kids on the street : |
| Remainder of title | pre-school guide / |
| Statement of responsibility, etc | Junior Pages. |
| 260 ## - PUBLICATION, DISTRIBUTION, ETC. (IMPRINT) | |
| Place of publication, distribution, etc | Selangor : |
| Name of publisher, distributor, etc | Junior Pages, |
| Date of publication, distribution, etc | 2006 |
| 300 ## - PHYSICAL DESCRIPTION | |
| Extent | 43 pages : |
| Other physical details | Colored, Illustration ; |
| Dimensions | 31 cm. |
| 440 ## - SERIES STATEMENT/ADDED ENTRY--TITLE | |
| Title | Road Safety Series. |
| 650 ## - SUBJECT ADDED ENTRY--TOPICAL TERM | |
| Topical term or geographic name as entry element | Traffic safety and children. |
No items available.